000 03029ncm0a2200469 4500
001 RU\NLR\ONIZ\292831
005 20260215045230.0
035 _a(NLR Aleph) 022722314
071 2 0 _a26365
090 _a13550482
_c13550482
100 _a20221003d1901 u y0rusy50 ca
101 1 _ager
_arus
102 _aRU
_aDE
125 _az|
128 _armc
145 0 _ac
200 1 _aОтойди
_bНоты
_e"Отойди, не гляди..."
_dGeh' hinweg
_e"Geh' hinweg, schau' nicht her...'
_eроманс
_eдля высокаго голоса [с фортепиано]
_zger
_fмузыка А. Д. Давыдова
_gDeutsch von L. Esbeer
203 _aМузыка
_bзнаковая
_bвизуальная
_cнепосредственная
210 _aМосква
_aЛейпциг
_cП. Юргенсон
_aС.-Петербург
_cИ. Юргенсон
_dценз. 1901
215 _a5 с.
_cил.
_d33 см
225 1 _aТри романса А. Д. Давыдова
_v№ 1
300 _aПеред нот. текстом: Посвящается другу Петру Александровичу Половцеву
313 _aСистематизация документа проведена по изданию - Методика классифицирования музыкальных произведений (нотных изданий) по таблицам Библиотечно-библиографических классификаций : метод. рекомендации / Гос. б-ка СССР им. В.И. Ленина.- М., 1977. Индексу ББК методических рекомендаций присваивается код ББК для научных библиотек - LBC/SL
316 _6b03852
_5NLR
_aНа тит. л. штамп: Музыкальный магазин Брюно в Казани
606 1 _aВокальная музыка русская
_z19-20 вв.
_jНоты
_2nlr_sh
606 1 _aМузыкальные произведения для высокого голоса с фортепиано
_yРоссия
_z19-20 вв.
_jНоты
_2nlr_sh
606 1 _aРомансы для высокого голоса с фортепиано
_yРоссия
_z19-20 вв.
_jНоты
_2nlr_sh
606 1 _aЦыганские романсы
_yРоссия
_z19-20 вв.
_jНоты
_2nlr_sh
686 0 _aЩ943.1-42-043.32(28)
700 1 _9z01790
_aДавыдов
_bА. Д.
_f1849-1911
_gАлександр Давыдович
_4230
_7ca
702 1 _aПоловцов
_bП.А.
_f1874-1964
_gПетр Александрович
_4280
702 1 _9z02790
_aЭсбер
_bЛ.
_f1875-1912
_gЛина
_4730
_7ca
790 1 _9z01700
_aDavydov
_bA. D.
_f1849-1911
_gAleksandr Davydovič
_4230
_7ba
790 1 _9z02702
_aEsbeer
_bL.
_f1875-1912
_gLina
_4730
_7ba
801 0 _aRU
_bNLR
_c20221003
_gPSBO
801 1 _aRU
_bNLR
_c20221003
_2rusmarc
801 2 _aRU
_bNLR
_c20260204
852 _6b03316
_aNLR
_gМ
_jК-4/5571
_m269279
_t1
942 _cSCORE
980 _aONIZ
980 _aNB